Name Every Member of that Pro Wrestling Stable #4 - Statistics

General Stats
  • This quiz has been taken 5 times
  • The average score is 19 of 146
Answer Stats
Answer % Correct
Ric Flair
100%
AJ Styles
75%
Hulk Hogan
75%
Jeff Hardy
75%
Lex Luger
75%
Abyss
50%
Bobby Roode
50%
Jeff Jarrett
50%
Kurt Angle
50%
Samoa Joe
50%
Scott Steiner
50%
Bandido
25%
Bully Ray
25%
Chris Harris
25%
Christopher Daniels
25%
Crazy Steve
25%
Don Harris
25%
Dragon Lee
25%
Elix Skipper
25%
Eric Bischoff
25%
Hook
25%
James Storm
25%
Karen Jarrett
25%
Katsuyori Shibata
25%
Kazarian
25%
Kenny King
25%
Mark Sterling
25%
Matt Hardy
25%
Matt Morgan
25%
Monty Brown
25%
Mr Anderson
25%
nWo Sting
25%
Powerhouse Hobbs
25%
Rick Steiner
25%
Ron Harris
25%
Rosemary
25%
Rush
25%
Scott Norton
25%
The Beast Mortos
25%
Tony Nese
25%
Vince Russo
25%
Will Ospreay
25%
A1
0%
Aaron Solo
0%
Alexander Hammerstone
0%
Alexis Laree
0%
Alex Shelley
0%
Amy Rose
0%
Andrade El Idolo
0%
Andy Douglas
0%
Anthony Ogogo
0%
Aria Blake
0%
Ariya Daivari
0%
Azusa Inaba
0%
Bea Priestley
0%
BG James
0%
Big Titan
0%
Black Taurus
0%
Blake Li
0%
Brian Adams
0%
Brick Albridge
0%
Buff Bagwell
0%
Cassidy O'Reilly
0%
Chase Stevens
0%
Chris Candido
0%
Chris Sabin
0%
Cole Karter
0%
Curt Henning
0%
David Finlay
0%
David Flair
0%
David Young
0%
Desire
0%
Disgraceland
0%
Douglas Williams
0%
Dralistico
0%
Eric Young
0%
Fukigen Death
0%
Gail Kim
0%
Gino Medina
0%
Glenn Gilberti
0%
Great-O-Khan
0%
Grogan
0%
Gunner
0%
Havok
0%
Hiro Saito
0%
Hiroyoshi Tenzan
0%
Holly Wood
0%
Jackie Gayda
0%
Jake Roberts
0%
James Mitchell
0%
Jeff Cobb
0%
Jose the Assistant
0%
Josh Woods
0%
Juice Robinson
0%
Julio Dinero
0%
Konami
0%
La Bestia del Ring
0%
Lee Johnson
0%
Low-Ki
0%
Marcus Bagwell
0%
Mark Haskins
0%
Masahiro Chono
0%
Maxwell Jacob Friedman
0%
Michael Wallstreet
0%
Mike Barton
0%
Mike Sanders
0%
Momo Watanabe
0%
Mr Daggett
0%
Murphy
0%
Natsuko Tora
0%
Nick Comoroto
0%
Nikita Koloff
0%
Petey Williams
0%
Preston Vance
0%
QT Marshall
0%
Raven
0%
Rhino
0%
Richard Holliday
0%
Ricky Morton
0%
Rina
0%
Road Warrior Animal
0%
Robert Gibson
0%
Robert Roode
0%
Rob Terry
0%
Ruaka
0%
Sammy Guevara
0%
Satoshi Kojima
0%
Saya Kamitani
0%
Scott D'Amore
0%
Sonny Siaki
0%
Stori Denali
0%
Tennille Dashwood
0%
The Great Muta
0%
Thekla
0%
The Outlaw
0%
Tony Schiavone
0%
Tracy Williams
0%
Vangellys
0%
No matching quizzes found
Score Distribution
Percent of People with Each Score
Percentile by Number Answered
Your Score History
You have not taken this quiz